LEADER 01281nam a2200277 4500 001 000000348961 003 CaOOAMICUS 005 20220113144008.0 008 211216s2014 it 000 u ita r 020 $a978-88-215-9079-5 040 $aSeMil$bita 100 1 $aPalladino, Emilia.$0(OLS)http://semarc/name/115229 245 10$a«Io accolgo te...» :$briflessioni sul consenso matrimoniale /$cEmilia Palladino. 264 1$aCinisello Balsamo :$bSan Paolo,$c2014. 300 $a45 p. ;$c21 cm 490 1 $aQuaderni per la coppia e la famiglia ;$v24 650 4$aMatrimonio - Concezione cristiana.$0(OLS)http://semarc/subject/383 650 4$aMatrimonio - Consenso - Cristianesimo.$0(OLS)http://semarc/subject/51519 830 0$aQuaderni per la coppia e la famiglia ;$v24.$0(OLS)http://semarc/title/21946 850 $aSeMil 852 $aSeMil$W1$xVenegono$y1$m2E VII 41$j231279$B240037$CSeMilBibl$Z2$F240037 $81 961 $aPontiggia don Virginio - Omaggio 996 $6020$a978-88-215-9079-5$9(OLS)http://semarc/number/294913 996 $6245$a«Io accolgo te...» :$briflessioni sul consenso matrimoniale$9(OLS)http://semarc/title/438446 996 $6264$aCinisello Balsamo :$bSan Paolo$9(OLS)http://semarc/publisher/30129 LEADER 00924nam a2200205 i 4500 001 000000258335 003 CaOOAMICUS 005 20180503000000.0 008 180503s1811 xx u000 u fre u 013 $a237243 026 $alen, etu- lsnt (1L' (3) 1811 (R) 040 $aSeMil$bita 245 10$aTome 1. 300 $aXXIV, [1], 26-32, 456 p. 773 0 $aLevesque, Pierre Charles <1736-1812>$tÉtudes de l'histoire ancienne et de celle de la Grèce; de la constitution de la république d'Athènes et de celle de Lacédémone; de la législation, des tribunaux, des moeurs et usages des athéniens; ... par Pierre-Charles Levesque ... Tome 1. [-5.].$dA Paris : Chez Fournier frères, 1811.$g1$w()8556 850 $aSeMil 852 $aSeMil$W1$xVenegono$y1$m3V IV 46 FA$j208681$B208681$CSeMilBibl$Z2$F222369 $8I 941 1 $a10 961 $aRecupero: Mantegazza 996 $6245$aTome 1$9(OLS)http://semarc/title/1447